[Event "American Continental 02nd"]
[Site "Buenos Aires"]
[Date "2003.08.23"]
[Round "6"]
[White "Estay Torreblanca, Oscar"]
[Black "Plazaola, Maria de los Angele"]
[Result "0-1"]
[WhiteElo "2231"]
[BlackElo "2047"]
[PlyCount "102"]
[EventDate "2003.08.17"]
[EventType "swiss"]
[EventRounds "11"]
[EventCountry "ARG"]
[SourceTitle "CBM 097"]
[Source "ChessBase"]
[SourceDate "2003.11.11"]
[SourceVersion "1"]
[SourceVersionDate "2003.11.11"]
[SourceQuality "1"]

1. e4 c5 2. Nf3 Nc6 3. Nc3 d6 4. d4 cxd4 5. Nxd4 g6 6. Be3 Bg7 7. Qd2 Nf6 8. f3 a6 9. Bc4 Bd7 10. Bb3 Rc8 11. Nxc6 bxc6 12. Bh6 0-0 13. h4 c5 14. Bc4 Qb6 15. Bxg7 Kxg7 16. h5 Rh8 17. h6+ Kf8 18. g4 Rb8 19. b3 Bc6 20. g5 Nd7 21. f4 Ke8 22. Rf1 Rf8 23. Bd5 Bb5 24. Rf3 a5 25. Bc4 Bc6 26. Re3 Qc7 27. Rd1 Rb6 28. a4 f6 29. Nb5 Bxb5 30. Bxb5 Kd8 31. Bxd7 Kxd7 32. Qxa5 fxg5 33. fxg5 Rf4 34. Qc3 Qc6 35. Qd3 Rb4 36. c4 Rb8 37. e5 Rd4 38. Qf1 Rf8 39. Qh3+ Rf5 40. exd6 e6 41. Rxd4 cxd4 42. Re2 Qxd6 43. Qd3 e5 44. Kd2 Qb4+ 45. Kd1 Qa3 46. Kd2 Rf1 47. Qh3+ Rf5 48. Qg2 Qb2+ 49. Kd1 Qxb3+ 50. Kd2 Qc3+ 51. Kd1 Rf1+ 0-1

[Event "American Continental 02nd"]
[Site "Buenos Aires"]
[Date "2003.08.22"]
[Round "5"]
[White "Romero, Leandro"]
[Black "Estay Torreblanca, Oscar"]
[Result "1/2-1/2"]
[WhiteElo "2096"]
[BlackElo "2231"]
[PlyCount "83"]
[EventDate "2003.08.17"]
[EventType "swiss"]
[EventRounds "11"]
[EventCountry "ARG"]
[SourceTitle "CBM 097"]
[Source "ChessBase"]
[SourceDate "2003.11.11"]
[SourceVersion "1"]
[SourceVersionDate "2003.11.11"]
[SourceQuality "1"]

1. e4 e5 2. Nf3 Nc6 3. Bb5 f5 4. Nc3 fxe4 5. Nxe4 d5 6. Nxe5 dxe4 7. Nxc6 Qd5 8. c4 Qd6 9. Nxa7+ Bd7 10. Bxd7+ Qxd7 11. Nb5 Nf6 12. Qe2 Bb4 13. 0-0 0-0 14. h3 c6 15. Nc3 Qf5 16. a3 Bc5 17. b4 Bxb4 18. Bb2 Bc5 19. Nd1 Rad8 20. Ne3 Qf4 21. Rad1 Rd3 22. g3 Qd6 23. Kg2 Rd8 24. Bc3 Qe6 25. Rb1 R3d7 26. Nc2 Qf5 27. Ne3 Qe6 28. Nc2 Qf5 29. Ne3 Qg6 30. a4 Bd4 31. Bxd4 Rxd4 32. Rfd1 R8d7 33. Rb2 Qg5 34. Rdb1 Rd8 35. h4 Qh5 36. Rxb7 Rxd2 37. Qe1 Qe5 38. Ra7 Nh5 39. Kg1 R2d6 40. Ra5 c5 41. Nd5 Rg6 42. Ra7 1/2-1/2